Historie výroby a vývoje stavebních strojů v českých zemích. III., Vývoj a výroba jeřábů /

Hlavní autor: Kolomý, Radoslav
Jazyk: Čeština
Vydáno: Praha : Národní technické muzeum, 2016
Edice: Práce z dějin techniky a přírodních věd
Témata:
Fyzický popis: 174 stran : ilustrace, plány, faksimile ; 25 cm
Language note: Anglické resumé
Knihy
Uloženo v:
LEADER 02070nam a2200553 i 4500
001 nkc20172879077
003 CZ PrNK
005 20170310100039.0
007 ta
008 170206s2016 xr aeh f 000 0 cze
015 |a cnb002879077 
020 |a 978-80-7037-265-4  |q (brožováno) 
035 |a (OCoLC)975017958 
040 |a OLA001  |b cze  |e rda 
041 0 |a cze  |b eng 
043 |a e-xr--- 
045 |a x-x- 
072 7 |a 621  |x Strojírenství  |2 Konspekt  |9 19 
080 |a 621.873  |2 MRF 
080 |a 69-1  |2 MRF 
080 |a (437.3)  |2 MRF 
080 |a (048.8)  |2 MRF 
100 1 |a Kolomý, Radoslav  |7 xx0024317  |4 aut 
245 1 0 |a Historie výroby a vývoje stavebních strojů v českých zemích.  |n III.,  |p Vývoj a výroba jeřábů /  |c Radoslav Kolomý 
246 3 0 |a Vývoj a výroba jeřábů 
264 1 |a Praha :  |b Národní technické muzeum,  |c 2016 
300 |a 174 stran :  |b ilustrace, plány, faksimile ;  |c 25 cm 
336 |a text  |b txt  |2 rdacontent 
336 |a statický obraz  |b sti  |2 rdacontent 
337 |a bez média  |b n  |2 rdamedia 
338 |a svazek  |b nc  |2 rdacarrier 
490 1 |a Práce z dějin techniky a přírodních věd ;  |v svazek 47 
500 |a 200 výtisků 
504 |a Obsahuje bibliografii a bibliografické odkazy 
546 |a Anglické resumé 
648 7 |a 20. století  |7 ch460558  |2 czenas 
650 0 7 |a jeřáby (stroje)  |7 ph128076  |z Česko  |y 20. století  |2 czenas 
650 0 7 |a stavební stroje  |7 ph126084  |z Česko  |y 20. století  |2 czenas 
650 0 9 |a cranes  |z Czechia  |y 20th century  |2 eczenas 
650 0 9 |a building machines  |z Czechia  |y 20th century  |2 eczenas 
655 7 |a monografie  |7 fd132842  |2 czenas 
655 9 |a monographs  |2 eczenas 
830 0 |a Práce z dějin techniky a přírodních věd  |0 s 
910 2 |a BOA001  |b 2-1321.205,3 
990 |a BK 
995 |a 01 
991 |b 201703  |c NOV 
996 6 |b 2610699992  |c 2-1321.205,3  |l MZK  |r Sklad / do 1 hodiny  |n 3  |p p.v.  |w 001601744  |u 000010  |a 1  |e BOA001  |j MZK50  |s P 
996 7 |b 2610700565  |c 2-1321.205,3  |l MZK  |r Sklad / do 1 hodiny  |n 5  |p kup  |w 001601744  |u 000020  |a 1  |e BOA001  |j MZK50  |s A